书目信息 |
| 题名: |
中国抗日战争中的两位美国将军
|
|
| 作者: | 云章 , 刘亚东 编著 | |
| 分册: | ||
| 出版信息: | 长春 吉林人民出版社 2005 |
|
| 页数: | 10,194页 | |
| 开本: | 21cm | |
| 丛书名: | 中国现代秘闻录 | |
| 单 册: | ||
| 中图分类: | K837.125.2 , K265.06 | |
| 科图分类: | ||
| 主题词: | 抗日战争--中国--史料 , 抗日战争 | |
| 电子资源: | ||
| ISBN: | 7-206-03135-8 | |
| 000 | 01059oam2 2200349 45 | |
| 001 | 0120062000077 | |
| 005 | 20070707105648.31 | |
| 010 | @a7-206-03135-8@dCNY16.80 | |
| 092 | @aCN@b105716 | |
| 100 | @a20060415d2005 em y0chiy0121 ea | |
| 101 | 0 | @achi |
| 102 | @aCN@b220000 | |
| 105 | @ay z 000yd | |
| 200 | 1 | @a中国抗日战争中的两位美国将军@9zhong guo kang ri zhan zheng zhong de liang wei mei guo jiang jun@f云章,刘亚东编著 |
| 205 | @a2版 | |
| 210 | @a长春@c吉林人民出版社@d2005 | |
| 215 | @a10,194页@d21cm | |
| 225 | 2 | @a中国现代秘闻录 |
| 330 | @a本书说的是中美两国将军携手抗日,其中心内容是讲活跃在中国战场上的史迪威与陈纳德。 | |
| 461 | 0 | @12001 @a中国现代秘闻录 |
| 600 | 1 | @a史迪威@x生平事迹 |
| 600 | 1 | @a史迪威 |
| 600 | 1 | @a陈纳德@x生平事迹 |
| 600 | 1 | @a陈纳德 |
| 606 | 0 | @a抗日战争@y中国@j史料 |
| 606 | 0 | @a抗日战争 |
| 690 | @aK837.125.2@v4 | |
| 690 | @aK265.06@v4 | |
| 701 | 0 | @a云章@9yun zhang@4编著 |
| 701 | 0 | @a刘亚东@9liu ya dong@4编著 |
| 801 | 0 | @aCN@bLZJBOOK@c20070707 |
| 905 | @a10447@dK837.125.2@e598=2 | |
| 中国抗日战争中的两位美国将军/云章,刘亚东编著.-2版.-长春:吉林人民出版社,2005 |
| 10,194页;21cm.-(中国现代秘闻录) |
| ISBN 7-206-03135-8:CNY16.80 |
| 本书说的是中美两国将军携手抗日,其中心内容是讲活跃在中国战场上的史迪威与陈纳德。 |
| ● |
| 相关链接 |
|
|
|
|
正题名:中国抗日战争中的两位美国将军
索取号:K837.125.2/598=2
 
预约/预借
| 序号 | 登录号 | 条形码 | 馆藏地/架位号 | 状态 | 备注 |
| 1 | 0564788 | 205647889 | 第二样本阅览室/ [索取号:K837.125.2/598=2] | 在馆 | |
| 2 | 0564789 | 205647898 | 第二借阅区/ [索取号:K837.125.2/598=2] | 在馆 | |
| 3 | 0564790 | 205647905 | 第二借阅区/ [索取号:K837.125.2/598=2] | 在馆 | |
| 4 | 0564791 | 205647914 | 第二借阅区/ [索取号:K837.125.2/598=2] | 在馆 | |
| 5 | 0564792 | 205647923 | 第二借阅区/ [索取号:K837.125.2/598=2] | 在馆 |